000 00575nam a2200193Ia 4500
003 GCL
008 140319s9999 xx 000 0 ara d
040 _aGCL /
_cGCL
082 0 4 _a819
_bر ب
100 1 _aرجاء عيد
245 1 0 _aالبحث الاسلوبى: معاصرة وتراث /
_cرجاء عيد
260 _a[S.N] :
_bمنشاة المعارف الاسلامية ،
_c1993
300 _a268 ص
490 _a
650 0 4 _aالادب العربى
650 0 4 _aالاسلوب الادبى
650 0 4 _aالبلاغة العربية
942 _2ddc
_cBK
999 _c32336
_d32336